Normal view
MARC view
- Alina Alam
Entry Personal Name
001 - CONTROL NUMBER
- control field: 93034
003 - CONTROL NUMBER IDENTIFIER
- control field: NUST
005 - DATE AND TIME OF LATEST TRANSACTION
- control field: 20220705161605.0
008 - FIXED-LENGTH DATA ELEMENTS
- fixed length control field: 220705|| aca||aabn | a|a d
040 ## - CATALOGING SOURCE
- Original cataloging agency: NUST
- Transcribing agency: NUST
100 ## - HEADING--PERSONAL NAME
- Personal name: Alina Alam
670 ## - SOURCE DATA FOUND
- Source citation: Work cat.: (NUST)13303: Alina Alam, Ohana: A location based social application, 2015
